000 00485nam a2200181Ia 4500
001 1729
005 20260306143750.0
008 260306t1996||||xx |||||||||||||| ||spa||
041 _aESP
082 _a155.28
_bA124
100 _aAdkins Wood, Dorothy
_eAUT
245 0 _aElaboración de Tests:
_bDesarrollo e interpretación de los test de aprovechamiento
260 _c1996
300 _a160 páginas :
_c23 x 15 cm.
650 _aGEN
654 _aCPS
942 _cLIB
_dJUS
_fJUS
_2ddc
_n
999 _c1729
_d1729